[Event "Montreal Summer Classic"]
[Site "Montreal CAN"]
[Date "2019.08.04"]
[Round "8.1"]
[White "Plotkin, Mark"]
[Black "Giannatos, Peter"]
[Result "1-0"]
[WhiteElo "2357"]
[BlackElo "2259"]
[PlyCount "187"]
[EventDate "2019.07.31"]
[EventType "tourn"]
[EventRounds "9"]
[EventCountry "CAN"]
[EventCategory "3"]
[Source "Mark Crowther"]
[SourceDate "2019.08.05"]

1. e4 e6 2. d4 d5 3. Nc3 Nf6 4. e5 Nfd7 5. f4 c5 6. Nf3 Nc6 7. Be3 cxd4 8. Nxd4
Bc5 9. Qd2 O-O 10. g3 Nxd4 11. Bxd4 Bxd4 12. Qxd4 Nb8 13. Bg2 Nc6 14. Qf2 Qe7
15. O-O b6 16. Rfe1 Bd7 17. Rad1 Rac8 18. f5 Qg5 19. h4 Qxf5 20. Qxf5 exf5 21.
Nxd5 Be6 22. c3 Rfe8 23. Kf2 Kf8 24. a3 Na5 25. Bf1 Bxd5 26. Rxd5 Nc4 27. b3
Na5 28. Bb5 Re7 29. b4 Nc4 30. Red1 Rec7 31. Rd8+ Ke7 32. Rxc8 Rxc8 33. Rd7+
Ke6 34. Rxa7 Nxe5 35. Rb7 Rxc3 36. Rxb6+ Kd5 37. a4 Ke4 38. a5 Ng4+ 39. Ke1 Ke3
40. Rc6 Rb3 41. Kd1 Rxb4 42. Rb6 Rb2 43. Bc4 Rd2+ 44. Kc1 Rd4 45. Bb3 Ne5 46.
a6 Nd7 47. Rb5 Rd6 48. Ra5 Nb6 49. a7 Kf3 50. Rxf5+ Kxg3 51. Rxf7 Kxh4 52. Rxg7
Rd8 53. Rxh7+ Kg5 54. Rb7 Ra8 55. Rxb6 Rxa7 56. Kd2 Kf5 57. Ke3 Ke5 58. Rb5+
Kf6 59. Kf4 Ra1 60. Rb6+ Ke7 61. Bd5 Re1 62. Be4 Rd1 63. Ke5 Re1 64. Rb7+ Ke8
65. Kd5 Re2 66. Bg6+ Kf8 67. Kd6 Re1 68. Bf5 Re2 69. Be6 Rf2 70. Ke5 Ke8 71.
Rg7 Kf8 72. Rh7 Rf1 73. Rc7 Ke8 74. Bf5 Kd8 75. Rd7+ Ke8 76. Rg7 Kd8 77. Be6
Rd1 78. Bd5 Rf1 79. Kd6 Ke8 80. Rg8+ Rf8 81. Rg2 Rf1 82. Be6 Rd1+ 83. Ke5 Re1+
84. Kf6 Rf1+ 85. Bf5 Kf8 86. Rh2 Rg1 87. Rc2 Re1 88. Rc8+ Re8 89. Rc4 Re1 90.
Rc7 Re2 91. Rf7+ Kg8 92. Rh7 Re1 93. Rh2 Rg1 94. Be6+ 1-0

[Event "Montreal Summer Classic"]
[Site "Montreal CAN"]
[Date "2019.08.04"]
[Round "8.3"]
[White "Kaufman, Raymond"]
[Black "Rodrigue-Lemieux, Shawn"]
[Result "0-1"]
[WhiteElo "2301"]
[BlackElo "2257"]
[PlyCount "44"]
[EventDate "2019.07.31"]
[EventType "tourn"]
[EventRounds "9"]
[EventCountry "CAN"]
[EventCategory "3"]
[Source "Mark Crowther"]
[SourceDate "2019.08.05"]

1. e4 c6 2. d4 d5 3. e5 Bf5 4. Nf3 e6 5. Be2 Nd7 6. O-O h6 7. Nbd2 Ne7 8. Nb3
Nc8 9. Bd2 Be7 10. a4 O-O 11. a5 a6 12. Ne1 c5 13. dxc5 Nxe5 14. Bc3 Nd7 15.
Nd4 Nxc5 16. Nxf5 exf5 17. Nd3 d4 18. Bb4 Nxd3 19. Bxe7 Nxb2 20. Qd2 Nxe7 21.
Rfb1 d3 22. cxd3 Nc4 0-1

[Event "Montreal Summer Classic"]
[Site "Montreal CAN"]
[Date "2019.08.04"]
[Round "8.4"]
[White "Ragnarsson, Dagur"]
[Black "Duong, Thanh Nha"]
[Result "1-0"]
[WhiteElo "2391"]
[BlackElo "2230"]
[PlyCount "113"]
[EventDate "2019.07.31"]
[EventType "tourn"]
[EventRounds "9"]
[EventCountry "CAN"]
[EventCategory "3"]
[Source "Mark Crowther"]
[SourceDate "2019.08.05"]

1. c4 Nf6 2. Nc3 c5 3. g3 g6 4. Bg2 Bg7 5. Nf3 O-O 6. O-O Nc6 7. d4 cxd4 8.
Nxd4 Qa5 9. Nc2 Qh5 10. e4 Qxd1 11. Rxd1 d6 12. h3 Be6 13. Ne3 Rac8 14. Rb1 Nd7
15. Ne2 Nc5 16. b3 a6 17. Bb2 Bxb2 18. Rxb2 b5 19. Nf4 g5 20. Nfd5 Bxd5 21.
Rxd5 h6 22. cxb5 axb5 23. b4 Na4 24. Rb3 Na7 25. Ra3 Rc1+ 26. Kh2 Rb8 27. e5
dxe5 28. Rxe5 e6 29. f4 gxf4 30. gxf4 Nc6 31. Rh5 Nxb4 32. f5 exf5 33. Nxf5 Rc3
34. Rb3 Rxb3 35. axb3 Nc3 36. Nxh6+ Kg7 37. h4 Nd3 38. Nf5+ Kf6 39. Nd4 b4 40.
Bf1 Nb2 41. Rf5+ Kg7 42. Rf2 Nbd1 43. Rf3 Rd8 44. Nf5+ Kf8 45. Nh6 Rd2+ 46. Kg1
Rd4 47. h5 Rd5 48. Rxf7+ Ke8 49. Rf5 Rxf5 50. Nxf5 Kf7 51. Bd3 Nb2 52. Bc2 Kf6
53. h6 Kg6 54. Kf2 Kh7 55. Ke1 Kh8 56. Kd2 Na2 57. Nd6 1-0

[Event "Montreal Summer Classic"]
[Site "Montreal CAN"]
[Date "2019.08.04"]
[Round "8.5"]
[White "Rosen, Eric"]
[Black "Yu, Zong Yang"]
[Result "1/2-1/2"]
[WhiteElo "2345"]
[BlackElo "2396"]
[PlyCount "32"]
[EventDate "2019.07.31"]
[EventType "tourn"]
[EventRounds "9"]
[EventCountry "CAN"]
[EventCategory "3"]
[Source "Mark Crowther"]
[SourceDate "2019.08.05"]

1. c4 g6 2. e4 d6 3. d4 Nf6 4. Nc3 Bg7 5. h3 O-O 6. Bg5 Na6 7. Qd2 e5 8. d5 Nc5
9. Bd3 c6 10. Nge2 a5 11. Bc2 cxd5 12. Nxd5 Be6 13. Nec3 Bxd5 14. exd5 Qb6 15.
O-O Rfc8 16. Be3 Ne8 1/2-1/2

[Event "Montreal Summer Classic"]
[Site "Montreal CAN"]
[Date "2019.08.04"]
[Round "9.1"]
[White "Yu, Zong Yang"]
[Black "Plotkin, Mark"]
[Result "1-0"]
[WhiteElo "2396"]
[BlackElo "2357"]
[PlyCount "119"]
[EventDate "2019.07.31"]
[EventType "tourn"]
[EventRounds "9"]
[EventCountry "CAN"]
[EventCategory "3"]
[Source "Mark Crowther"]
[SourceDate "2019.08.05"]

1. d4 Nf6 2. c4 e6 3. Nf3 d5 4. g3 dxc4 5. Bg2 c5 6. O-O Nc6 7. dxc5 Qxd1 8.
Rxd1 Bxc5 9. Nfd2 Ne5 10. Nc3 O-O 11. Nde4 Nxe4 12. Nxe4 Bb4 13. Bf4 Nc6 14.
Bd6 Bxd6 15. Nxd6 Rd8 16. Rac1 Kf8 17. Nxc4 Rxd1+ 18. Rxd1 Ke8 19. Bxc6+ bxc6
20. Ne5 c5 21. Rc1 f6 22. Nd3 Rb8 23. b3 Ke7 24. Nxc5 e5 25. f3 a5 26. Kf2 h6
27. g4 g6 28. Rc4 Bd7 29. Nxd7 Kxd7 30. Rc5 Ra8 31. Rb5 a4 32. Rb7+ Ke6 33.
Rb6+ Ke7 34. b4 a3 35. Ke3 Rd8 36. Rb7+ Ke6 37. Ra7 Rd4 38. b5 Rb4 39. Rxa3
Rxb5 40. Ra6+ Ke7 41. Ra7+ Ke6 42. Rg7 g5 43. Ra7 Rb1 44. a4 Rb3+ 45. Kd2 e4
46. fxe4 Ra3 47. Ra5 Kd6 48. Rd5+ Ke6 49. a5 Ra4 50. Kd3 Ra3+ 51. Kc4 Ra2 52.
Kb5 Rb2+ 53. Kc6 Rxe2 54. a6 Rxe4 55. Ra5 Rc4+ 56. Kb6 Rb4+ 57. Rb5 Rxg4 58. a7
Ra4 59. Ra5 Rb4+ 60. Ka6 1-0

[Event "Montreal Summer Classic"]
[Site "Montreal CAN"]
[Date "2019.08.04"]
[Round "9.2"]
[White "Duong, Thanh Nha"]
[Black "Rosen, Eric"]
[Result "0-1"]
[WhiteElo "2230"]
[BlackElo "2345"]
[PlyCount "148"]
[EventDate "2019.07.31"]
[EventType "tourn"]
[EventRounds "9"]
[EventCountry "CAN"]
[EventCategory "3"]
[Source "Mark Crowther"]
[SourceDate "2019.08.05"]

1. e4 c5 2. Nf3 e6 3. b3 b6 4. c4 Bb7 5. Nc3 Nc6 6. Bb2 a6 7. d4 cxd4 8. Nxd4
Bc5 9. Nxc6 Bxc6 10. Bd3 Qg5 11. O-O Ne7 12. Qc1 h6 13. Ne2 Qh4 14. Qf4 Qxf4
15. Nxf4 f6 16. a3 Kf7 17. e5 a5 18. Bc3 fxe5 19. Bxe5 Rhf8 20. Bc3 Kg8 21. Nh5
Rf7 22. Ra2 Nf5 23. Rd1 Nh4 24. Bf1 d5 25. Bd4 Bxd4 26. Rxd4 Nf5 27. Rd1 d4 28.
Ng3 Nxg3 29. hxg3 e5 30. f3 Re7 31. Bd3 Kf7 32. Re2 Kf6 33. Rde1 Rae8 34. Kf2
h5 35. Be4 Bd7 36. Bd5 Be6 37. Bxe6 Rxe6 38. Re4 a4 39. bxa4 Rc8 40. f4 Rxc4
41. fxe5+ Kg5 42. Ke2 Rxa4 43. Kd3 Rxa3+ 44. Kxd4 Ra5 45. Rf1 g6 46. Rf7 Re8
47. Rd7 Ra1 48. Kd5 Rd1+ 49. Rd4 Re1 50. Re4 Rd1+ 51. Rd4 Rxd4+ 52. Kxd4 Kg4
53. Kd5 g5 54. Rg7 b5 55. e6 b4 56. Ke5 b3 57. Rb7 Kxg3 58. Rxb3+ Kxg2 59. Rb2+
Kh3 60. Rb3+ Kh4 61. Kf6 g4 62. Kf7 Ra8 63. e7 g3 64. Ra3 Rh8 65. Kg7 Rc8 66.
Rc3 Rb8 67. Rb3 Ra8 68. Ra3 Rb8 69. Rb3 Re8 70. Kf7 g2 71. Rb1 Ra8 72. Kg6 Kg3
73. Kxh5 Re8 74. Re1 Kf2 0-1

[Event "Montreal Summer Classic"]
[Site "Montreal CAN"]
[Date "2019.08.04"]
[Round "9.3"]
[White "Rodrigue-Lemieux, Shawn"]
[Black "Ragnarsson, Dagur"]
[Result "1/2-1/2"]
[WhiteElo "2257"]
[BlackElo "2391"]
[PlyCount "26"]
[EventDate "2019.07.31"]
[EventType "tourn"]
[EventRounds "9"]
[EventCountry "CAN"]
[EventCategory "3"]
[Source "Mark Crowther"]
[SourceDate "2019.08.05"]

1. Nf3 d5 2. g3 Bg4 3. Bg2 Nd7 4. O-O e6 5. d3 Bd6 6. e4 Ne7 7. Nbd2 O-O 8. b3
Bh5 9. Bb2 c5 10. Qe1 d4 11. Nh4 e5 12. f4 f6 13. f5 b5 1/2-1/2

[Event "Montreal Winter Classic"]
[Site "Montreal CAN"]
[Date "2019.01.02"]
[Round "1"]
[White "Eckert, Doug"]
[Black "Ragnarsson, Dagur"]
[Result "0-1"]
[WhiteElo "2090"]
[BlackElo "2327"]
[PlyCount "83"]
[EventDate "2019.01.02"]
[EventType "tourn"]
[EventRounds "9"]
[EventCountry "CAN"]

1. e4 e5 2. Nf3 Nc6 3. Nc3 Nf6 4. Bb5 Bb4 5. O-O O-O 6. d3 d6 7. Ne2 Ne7 8. c3
Ba5 9. Ng3 Ng6 10. d4 c6 11. Bd3 Re8 12. h3 d5 13. dxe5 Nxe4 14. Nxe4 dxe4 15.
Bxe4 Nxe5 16. Nxe5 Rxe5 17. Qf3 Qh4 18. Bf4 Re8 19. Rfe1 Be6 20. Bc2 Bb6 21.
Bb3 Qf6 22. Qg3 h5 23. Be3 Bxb3 24. Bxb6 h4 25. Qg4 Be6 26. Bd4 Qh6 27. Qe4 f5
28. Qe5 Qg6 29. Qf4 Bd5 30. f3 Re6 31. Re2 Rxe2 32. Rc1 Re1+ 33. Rxe1 Re8 34.
Rxe8+ Qxe8 35. Qg5 Qd7 36. Qxh4 Bxa2 37. Qg5 b6 38. h4 c5 39. Be5 Kh7 40. h5
Qf7 41. Kh2 Bb3 42. Kg3 0-1

[Event "Montreal Winter Classic"]
[Site "Montreal CAN"]
[Date "2019.01.02"]
[Round "1"]
[White "Ivanov, Mike"]
[Black "Sai Krishna, GV."]
[Result "1/2-1/2"]
[WhiteElo "2251"]
[BlackElo "2409"]
[PlyCount "79"]
[EventDate "2019.01.02"]
[EventType "tourn"]
[EventRounds "9"]
[EventCountry "CAN"]

1. e4 e5 2. Nf3 Nc6 3. Nc3 Nf6 4. Bb5 Bb4 5. O-O O-O 6. d3 d6 7. Ne2 Ne7 8. c3
Ba5 9. Ng3 Ng6 10. d4 c6 11. Bd3 Re8 12. h3 d5 13. dxe5 Nxe4 14. Nxe4 dxe4 15.
Bxe4 Nxe5 16. Nxe5 Rxe5 17. Qf3 Qh4 18. Bf4 Re8 19. Rfe1 Be6 20. Bc2 Bb6 21.
Bb3 Qf6 22. Qg3 h5 23. Be3 Bxb3 24. Bxb6 h4 25. Qg4 Be6 26. Bd4 Qh6 27. Qe4 f5
28. Qe5 Qg6 29. Qf4 Bd5 30. f3 Rxe1+ 31. Rxe1 Re8 32. Rxe8+ Qxe8 33. Qg5 Qd7
34. Qxh4 Bxa2 35. Qg5 b6 36. h4 c5 37. Be5 Kh7 38. h5 Qf7 39. Kh2 Bb3 40. Kg3
1/2-1/2

[Event "Montreal Winter Classic"]
[Site "Montreal CAN"]
[Date "2019.01.02"]
[Round "1"]
[White "Rodrigue-Lemieux, Shawn"]
[Black "Wang, Annie"]
[Result "1-0"]
[WhiteElo "2293"]
[BlackElo "2313"]
[PlyCount "89"]
[EventDate "2019.01.02"]
[EventType "tourn"]
[EventRounds "9"]
[EventCountry "CAN"]

1. e4 e6 2. d4 d5 3. Nd2 c5 4. Ngf3 cxd4 5. exd5 Qxd5 6. Bc4 Qd7 7. O-O Nc6 8.
Nb3 Nf6 9. Nbxd4 Nxd4 10. Nxd4 a6 11. Bb3 Bc5 12. c3 O-O 13. Bg5 Nd5 14. Re1 b6
15. Qd3 Bb7 16. Bc2 g6 17. Rad1 Qc7 18. Qh3 Rfe8 19. Qh4 Bf8 20. Rd3 e5 21. Nf5
Nf4 22. Bf6 Re6 23. Rg3 Rae8 24. Bb3 Rc6 25. Bc2 Qd7 26. Ne3 Qd6 27. Bg5 Qd2
28. Rd1 Ne2+ 29. Kf1 Nxg3+ 30. Qxg3 Rd6 31. Rxd2 Rxd2 32. Ng4 Rd6 33. Nf6+ Rxf6
34. Bxf6 Bd5 35. Bb3 Bxb3 36. axb3 Bd6 37. Qd3 Re6 38. Bg5 b5 39. Qd5 Kg7 40.
Be3 Be7 41. Bc5 Bxc5 42. Qxc5 Kg8 43. c4 bxc4 44. bxc4 Kg7 45. Qd5 1-0

[Event "Montreal Winter Classic"]
[Site "Montreal CAN"]
[Date "2019.01.03"]
[Round "2"]
[White "Sai Krishna, GV."]
[Black "Eckert, Doug"]
[Result "1-0"]
[WhiteElo "2409"]
[BlackElo "2090"]
[PlyCount "56"]
[EventDate "2019.01.02"]
[EventType "tourn"]
[EventRounds "9"]
[EventCountry "CAN"]

1. e4 e5 2. Nf3 Nc6 3. Bb5 a6 4. Ba4 Nf6 5. O-O Be7 6. Re1 b5 7. Bb3 d6 8. c3
O-O 9. h3 Nb8 10. d4 Nbd7 11. Nbd2 Bb7 12. Bc2 Re8 13. Nf1 Bf8 14. Ng3 g6 15.
a4 c5 16. d5 c4 17. Bg5 Nc5 18. Qd2 Be7 19. Bh6 Nfd7 20. Nh2 Nxa4 21. Bxa4 bxa4
22. Rxa4 a5 23. Ng4 Ba6 24. f4 exf4 25. Qxf4 Nc5 26. Rf1 f6 27. Nf5 gxf5 28.
Qg3 Bf8 1-0

[Event "Montreal Winter Classic"]
[Site "Montreal CAN"]
[Date "2019.01.03"]
[Round "2"]
[White "Wang, Annie"]
[Black "Ivanov, Mike"]
[Result "1-0"]
[WhiteElo "2313"]
[BlackElo "2251"]
[PlyCount "97"]
[EventDate "2019.01.02"]
[EventType "tourn"]
[EventRounds "9"]
[EventCountry "CAN"]

1. d4 Nf6 2. c4 e6 3. Nc3 Bb4 4. Qc2 d5 5. a3 Bxc3+ 6. Qxc3 c5 7. dxc5 d4 8.
Qg3 Nc6 9. Qxg7 Rg8 10. Qh6 e5 11. b4 Rg6 12. Qd2 Ne4 13. Qb2 a5 14. b5 Qf6 15.
Nf3 Ne7 16. g3 Be6 17. Bg2 Bxc4 18. O-O Nc3 19. Re1 e4 20. Nh4 Rg4 21. a4 Ned5
22. Ra3 Nb4 23. f3 Rxh4 24. gxh4 Qxh4 25. Bd2 O-O-O 26. Rxc3 dxc3 27. Bxc3 Rg8
28. Kh1 Nd5 29. Rg1 Rg6 30. Be1 Qf6 31. Qxf6 Nxf6 32. fxe4 Bxe2 33. Bxa5 Ng4
34. Be1 Rh6 35. h4 Re6 36. Bg3 Bd3 37. Re1 f6 38. h5 Re8 39. Kg1 Rg8 40. Bh3
Bc4 41. Rd1 Bf7 42. h6 Rg5 43. Rd6 Bh5 44. Rxf6 Kd8 45. Rf8+ Ke7 46. Bd6+ Ke6
47. a5 Bg6 48. Rf4 Bh5 49. a6 1-0

[Event "Montreal Winter Classic"]
[Site "Montreal CAN"]
[Date "2019.01.03"]
[Round "2"]
[White "Yu, Zong Yang"]
[Black "Duong, Thanh Nha"]
[Result "1/2-1/2"]
[WhiteElo "2377"]
[BlackElo "2238"]
[PlyCount "90"]
[EventDate "2019.01.02"]
[EventType "tourn"]
[EventRounds "9"]
[EventCountry "CAN"]

1. Nf3 Nf6 2. c4 e6 3. g3 d5 4. Bg2 Nc6 5. O-O Bd6 6. d4 dxc4 7. Nbd2 O-O 8.
Nxc4 Bd7 9. Bg5 h6 10. Bxf6 Qxf6 11. Qb3 Rab8 12. Rfd1 Rfd8 13. Rac1 b5 14.
Nxd6 cxd6 15. e3 Rdc8 16. Nd2 Qe7 17. Ne4 a5 18. Qd3 Nb4 19. Qa3 f5 20. Nd2 Bc6
21. Bxc6 Nxc6 22. Qd3 Qb7 23. a3 Ne7 24. Nb3 a4 25. Nd2 Qd5 26. Qb1 Rxc1 27.
Rxc1 Rc8 28. Rxc8+ Nxc8 29. Qc2 Ne7 30. b3 axb3 31. Qxb3 Kf7 32. Qc3 g5 33. h3
h5 34. Qd3 Nc6 35. Qe2 g4 36. Qd3 Ne5 37. Qe2 Nf3+ 38. Nxf3 gxf3 39. Qd1 e5 40.
Qc2 e4 41. Qc7+ Ke6 42. Qg7 Qc4 43. Qg6+ Ke7 44. Qxf5 Qc1+ 45. Kh2 Qc4 1/2-1/2

[Event "Montreal Winter Classic"]
[Site "Montreal CAN"]
[Date "2019.01.03"]
[Round "3"]
[White "Duong, Thanh Nha"]
[Black "Ragnarsson, Dagur"]
[Result "0-1"]
[WhiteElo "2238"]
[BlackElo "2327"]
[PlyCount "96"]
[EventDate "2019.01.02"]
[EventType "tourn"]
[EventRounds "9"]
[EventCountry "CAN"]

1. Nf3 Nf6 2. c4 g6 3. b4 Bg7 4. Bb2 O-O 5. g3 Nc6 6. b5 Na5 7. d3 a6 8. a4 b6
9. Bg2 Bb7 10. O-O d5 11. Nbd2 dxc4 12. dxc4 Ne4 13. Bxg7 Kxg7 14. Qc2 Nxd2 15.
Qc3+ e5 16. Nxd2 Qe7 17. Nb3 Bxg2 18. Kxg2 Nxb3 19. Qxb3 Rfd8 20. Rfd1 c6 21.
Rxd8 Qxd8 22. Rd1 Qc7 23. Qf3 axb5 24. cxb5 Rc8 25. Rc1 c5 26. Rc4 Rd8 27. Qc3
Rd5 28. Qf3 Qd6 29. Rc3 Qe6 30. Qe3 Rd4 31. Ra3 Qd5+ 32. f3 e4 33. f4 Rb4 34.
Qc3+ f6 35. Ra1 e3+ 36. Kg1 Qd2 37. Qxd2 exd2 38. Rd1 Rd4 39. e3 Rd8 40. a5
bxa5 41. b6 c4 42. Kf2 c3 43. Ke2 c2 44. Rxd2 c1=Q 45. Rxd8 Qb2+ 46. Kf3 Qxb6
47. Rd7+ Kg8 48. Rd4 a4 0-1

[Event "Montreal Winter Classic"]
[Site "Montreal CAN"]
[Date "2019.01.03"]
[Round "3"]
[White "Eckert, Doug"]
[Black "Wang, Annie"]
[Result "0-1"]
[WhiteElo "2090"]
[BlackElo "2313"]
[PlyCount "94"]
[EventDate "2019.01.02"]
[EventType "tourn"]
[EventRounds "9"]
[EventCountry "CAN"]

1. e4 e6 2. d4 d5 3. Nd2 c5 4. exd5 Qxd5 5. Ngf3 cxd4 6. Bc4 Qd7 7. O-O Nc6 8.
Nb3 Nf6 9. Qe2 a6 10. a4 Bd6 11. Rd1 O-O 12. Nbxd4 Ne7 13. Bg5 Ned5 14. Ne5 Qc7
15. Ndf3 b6 16. Rd2 Bb7 17. Rad1 Be7 18. Bb3 h6 19. Bh4 Rfd8 20. Bg3 Qc5 21.
Nd4 Qc8 22. c3 Bc5 23. Nc2 Re8 24. Nd4 Rd8 25. Nc2 b5 26. Nd4 bxa4 27. Bxa4 Ne7
28. Bc2 a5 29. Bh4 Ned5 30. Bb1 Nf4 31. Qc4 Ba6 32. Qa4 Bxd4 33. cxd4 N4d5 34.
Ba2 Rd6 35. Rc2 Qb7 36. Rdc1 Nf4 37. f3 Ne2+ 38. Rxe2 Bxe2 39. Qc2 Ba6 40. Qf2
Nd5 41. Qg3 Qxb2 42. Re1 Qxd4+ 43. Kh1 Qf4 44. Qf2 Nc3 45. Bg3 Qd2 46. Bc4 Qxf2
47. Bxf2 Bxc4 0-1

[Event "Montreal Winter Classic"]
[Site "Montreal CAN"]
[Date "2019.01.03"]
[Round "3"]
[White "Rodrigue-Lemieux, Shawn"]
[Black "Yu, Zong Yang"]
[Result "0-1"]
[WhiteElo "2293"]
[BlackElo "2377"]
[PlyCount "168"]
[EventDate "2019.01.02"]
[EventType "tourn"]
[EventRounds "9"]
[EventCountry "CAN"]

1. Nf3 Nf6 2. c4 g6 3. d4 Bg7 4. Nc3 O-O 5. e4 d6 6. Be2 Na6 7. O-O e5 8. dxe5
dxe5 9. Qc2 Qe7 10. Nd5 Qe6 11. Rd1 c6 12. Nxf6+ Bxf6 13. Be3 Qe7 14. h3 Nc5
15. Bxc5 Qxc5 16. a3 Be6 17. b4 Qe7 18. c5 Rfd8 19. Bc4 Bxc4 20. Qxc4 Rd7 21.
Kf1 Rad8 22. Ke2 Kf8 23. Qb3 Rxd1 24. Rxd1 Rxd1 25. Kxd1 Qd7+ 26. Kc2 Qe8 27.
Nd2 Bd8 28. Nc4 Bc7 29. Ne3 Qe7 30. Qd3 Qe6 31. Qb3 Qf6 32. Ng4 Qe7 33. Qd3 h5
34. Ne3 Qe6 35. Kb2 Ke8 36. Nc4 Qf6 37. Qd2 Qe6 38. Kc3 Qf6 39. a4 a6 40. Kb2
Qh4 41. f3 Qf6 42. Kb3 Qe6 43. Kc3 Qf6 44. Kb3 Qe6 45. Qd3 Qf6 46. Ne3 Qe7 47.
Qc4 Qd7 48. Qc3 Kf8 49. Kc2 Qe6 50. Kb2 Qd7 51. Ka3 Ke7 52. Kb3 Kf6 53. Kc2 Kg5
54. Qd2 Qxd2+ 55. Kxd2 Kf4 56. Ke2 f5 57. exf5 gxf5 58. b5 Bd8 59. bxa6 bxa6
60. Nc4 e4 61. fxe4 Kxe4 62. Nd6+ Kd5 63. Nxf5 Kxc5 64. Ng7 Kb4 65. Nxh5 Kxa4
66. Nf4 Kb3 67. Ne6 Bf6 68. Nc5+ Kc4 69. Nxa6 Be5 70. Ke3 Kb5 71. Ke4 Bd6 72.
h4 Kxa6 73. g4 Kb5 74. h5 c5 75. g5 c4 76. Kd5 Bf8 77. Ke6 c3 78. Kf7 c2 79.
Kxf8 c1=Q 80. g6 Qf4+ 81. Kg7 Qe5+ 82. Kh6 Qh8+ 83. Kg5 Kc6 84. h6 Kd7 0-1

[Event "Montreal Winter Classic"]
[Site "Montreal CAN"]
[Date "2019.01.04"]
[Round "4"]
[White "Rodrigue-Lemieux, Shawn"]
[Black "Ivanov, Mike"]
[Result "1/2-1/2"]
[WhiteElo "2293"]
[BlackElo "2251"]
[PlyCount "138"]
[EventDate "2019.01.02"]
[EventType "tourn"]
[EventRounds "9"]
[EventCountry "CAN"]

1. e4 g6 2. d4 Bg7 3. Nf3 d6 4. c4 Nf6 5. Nc3 O-O 6. Be2 Nbd7 7. O-O e5 8. Re1
Re8 9. Bf1 c6 10. d5 c5 11. a3 Nh5 12. Bd2 Nf8 13. b4 b6 14. Rb1 Nf4 15. bxc5
bxc5 16. Ne2 Nxe2+ 17. Bxe2 f5 18. exf5 gxf5 19. Ng5 h6 20. Nh3 f4 21. Bg4 Nd7
22. Be6+ Kh8 23. f3 Nb6 24. Bxc8 Qxc8 25. Qc2 Rg8 26. Kh1 Bf6 27. Nxf4 exf4 28.
Re6 Nd7 29. Bc3 Bxc3 30. Qxc3+ Rg7 31. Rxd6 Rb8 32. Re1 Rb6 33. Rde6 Rxe6 34.
dxe6 Nb6 35. Qf6 Qe8 36. Rd1 Kh7 37. Re1 Nc8 38. Qxf4 Qg6 39. Qd2 Ne7 40. Re4
Qf6 41. h3 Nf5 42. Kh2 Re7 43. Qd5 Qg6 44. Qxc5 Rxe6 45. Qxa7+ Ng7 46. Rg4 Qf6
47. Qd7 Re1 48. Qd2 Qe5+ 49. f4 Qa1 50. Qd3+ Kh8 51. Qd8+ Kh7 52. Qd3+ Kh8 53.
Rg6 Rh1+ 54. Kg3 Qe1+ 55. Kg4 h5+ 56. Kg5 Qe7+ 57. Kh6 Re1 58. f5 Qe3+ 59. Qxe3
Nxf5+ 60. Kg5 Nxe3 61. Re6 Kg7 62. c5 Kf7 63. Re4 Nxg2 64. Rxe1 Nxe1 65. a4 Nd3
66. c6 Ke6 67. h4 Ne5 68. c7 Kd7 69. Kxh5 Nf3 1/2-1/2

[Event "Montreal Winter Classic"]
[Site "Montreal CAN"]
[Date "2019.01.04"]
[Round "4"]
[White "Sai Krishna, GV."]
[Black "Duong, Thanh Nha"]
[Result "0-1"]
[WhiteElo "2409"]
[BlackElo "2238"]
[PlyCount "164"]
[EventDate "2019.01.02"]
[EventType "tourn"]
[EventRounds "9"]
[EventCountry "CAN"]

1. e4 e6 2. d4 d5 3. Nc3 dxe4 4. Nxe4 Nd7 5. Nf3 Ngf6 6. Ng3 c5 7. Bc4 Nb6 8.
Bd3 cxd4 9. Nxd4 Bd6 10. O-O O-O 11. c3 Re8 12. Bg5 h6 13. Bxf6 Qxf6 14. Nh5
Qe7 15. Re1 e5 16. Re3 Qh4 17. Bf5 e4 18. g3 Qg5 19. f4 Bxf4 20. Nxf4 Bxf5 21.
h4 Qg4 22. Qxg4 Bxg4 23. Rae1 f5 24. Rf1 Nc4 25. Ree1 Rad8 26. Ng2 Nd2 27. Rf2
Nf3+ 28. Nxf3 exf3 29. Rxe8+ Rxe8 30. Nf4 g5 31. hxg5 hxg5 32. Nd3 Kg7 33. Nc5
b6 34. Nb3 Re1+ 35. Rf1 f2+ 36. Kxf2 Re2+ 37. Kg1 Rxb2 38. Rf2 Rb1+ 39. Kg2 Rd1
40. c4 Kf6 41. c5 bxc5 42. Rc2 Re1 43. Kf2 Re5 44. Nxc5 Rd5 45. Ke3 Ke5 46.
Nd3+ Kd6 47. Rc4 Bh3 48. Ne1 Ra5 49. Rd4+ Ke6 50. a4 Re5+ 51. Kf2 Bg4 52. Nd3
Re2+ 53. Kf1 Rc2 54. Nb4 Be2+ 55. Ke1 Rc4 56. Nc6 Rxc6 57. Kxe2 Rc3 58. Kf2 a5
59. Rd8 Ra3 60. Re8+ Kf6 61. Rf8+ Kg6 62. Kg2 Rxa4 63. Kh3 Ra1 64. Kg2 a4 65.
Kh2 Ra2+ 66. Kg1 a3 67. Ra8 Kf6 68. Ra5 Ra1+ 69. Kf2 a2 70. Kg2 f4 71. Ra3 Kf5
72. Ra5+ Ke4 73. Ra4+ Ke3 74. Ra3+ Ke2 75. gxf4 gxf4 76. Ra8 f3+ 77. Kh2 f2 78.
Re8+ Kd3 79. Rd8+ Ke4 80. Re8+ Kd5 81. Rd8+ Ke6 82. Re8+ Kd7 0-1

[Event "Montreal Winter Classic"]
[Site "Montreal CAN"]
[Date "2019.01.04"]
[Round "4"]
[White "Yu, Zong Yang"]
[Black "Ragnarsson, Dagur"]
[Result "0-1"]
[WhiteElo "2377"]
[BlackElo "2327"]
[PlyCount "92"]
[EventDate "2019.01.02"]
[EventType "tourn"]
[EventRounds "9"]
[EventCountry "CAN"]

1. Nf3 d5 2. c4 d4 3. b4 f6 4. Na3 e5 5. Nc2 a5 6. b5 c5 7. bxc6 Nxc6 8. d3 Bc5
9. g3 Bg4 10. Bg2 Qd7 11. O-O Nge7 12. Nd2 Bh3 13. Ne4 b6 14. Bxh3 Qxh3 15. Ba3
Nb4 16. Bxb4 axb4 17. a3 bxa3 18. Nxa3 O-O 19. Nc2 f5 20. Nxc5 bxc5 21. Qd2
Rac8 22. Ra7 Nc6 23. Rb7 f4 24. Qe1 e4 25. f3 e3 26. gxf4 Rf6 27. f5 Rxf5 28.
Qg3 Qh6 29. f4 Nd8 30. Qg4 Qf6 31. Rb6 Ne6 32. Ne1 h5 33. Qg2 Qf7 34. Rb7 Qf6
35. Rb6 Rxf4 36. Rxf4 Nxf4 37. Rxf6 Nxg2 38. Rf1 Nxe1 39. Rxe1 Rf8 40. Ra1 Rf2
41. Ra5 Rxe2 42. Rxc5 Rd2 43. Kf1 Rxd3 44. Rd5 Rd1+ 45. Ke2 Rd2+ 46. Kf3 e2 0-1

[Event "Montreal Winter Classic"]
[Site "Montreal CAN"]
[Date "2019.01.04"]
[Round "5"]
[White "Duong, Thanh Nha"]
[Black "Wang, Annie"]
[Result "0-1"]
[WhiteElo "2238"]
[BlackElo "2313"]
[PlyCount "72"]
[EventDate "2019.01.02"]
[EventType "tourn"]
[EventRounds "9"]
[EventCountry "CAN"]

1. Nf3 Nf6 2. d4 e6 3. e3 d5 4. Bd3 Bd6 5. O-O O-O 6. b3 c5 7. Bb2 Nc6 8. a3 b6
9. Nbd2 Bb7 10. Ne5 Ne7 11. Ng4 Ne4 12. Bxe4 dxe4 13. dxc5 Bxc5 14. b4 Bd6 15.
Nc4 Bc7 16. Qe2 Nf5 17. b5 Qg5 18. Be5 Bxe5 19. Ngxe5 f6 20. f4 exf3 21. Nxf3
Qg4 22. h3 Qg6 23. Rfd1 Rac8 24. Nd6 Nxd6 25. Rxd6 Rxc2 26. Qf1 Bd5 27. Ne1 Rc7
28. Qd3 Qg3 29. Rxd5 exd5 30. Qxd5+ Kh8 31. e4 Rfc8 32. Rd1 h6 33. a4 Rc1 34.
Qd2 Rxd1 35. Qxd1 Qe3+ 36. Kh1 Rc1 0-1

[Event "Montreal Winter Classic"]
[Site "Montreal CAN"]
[Date "2019.01.04"]
[Round "5"]
[White "Eckert, Doug"]
[Black "Rodrigue-Lemieux, Shawn"]
[Result "0-1"]
[WhiteElo "2090"]
[BlackElo "2293"]
[PlyCount "98"]
[EventDate "2019.01.02"]
[EventType "tourn"]
[EventRounds "9"]
[EventCountry "CAN"]

1. e4 c6 2. d4 d5 3. e5 Bf5 4. h4 h5 5. Bd3 Bxd3 6. Qxd3 e6 7. Bg5 Qb6 8. Nd2
Nh6 9. Ngf3 Nd7 10. O-O Nf5 11. c4 Qa6 12. Qc2 Bb4 13. cxd5 cxd5 14. Nb3 O-O
15. Rfc1 Nb6 16. a3 Rfc8 17. Qd1 Bf8 18. Nc5 Bxc5 19. dxc5 Na4 20. b4 Nb2 21.
Qf1 Nc4 22. a4 Qc6 23. Qe2 a5 24. Nd2 Nxd2 25. Qxd2 axb4 26. Qxb4 d4 27. Rab1
Rxa4 28. Qxb7 Ra5 29. Qxc6 Rxc6 30. Rb8+ Kh7 31. Rd8 Rcxc5 32. Rxc5 Rxc5 33. f3
Rxe5 34. g4 hxg4 35. fxg4 Ng3 36. Kg2 Ne2 37. Rd7 Kg6 38. Bd2 Nc3 39. h5+ Kh7
40. Bf4 Re4 41. Kf3 e5 42. Bd2 Re2 43. Bg5 e4+ 44. Kg3 d3 45. Rxf7 e3 46. Re7
d2 47. Bf6 Ne4+ 48. Kf3 Rf2+ 49. Kxe3 Nxf6 0-1